000 00955nac a22002897a 4500
001 BR7602469
003 BR-BrBNA
005 20240105113941.0
008 230509b bl.|||m| |||| 00| 0 por d
040 _aBR-BrBNA
_bpor
_cBiblioteca Nacional de Agricultura
072 _aM00; M10
090 _a8100 BR7602469
110 1 _aSuperintendencia do Desenvolvimento da Pesca, Rio de Janeiro, RJ (Brasil)
_910084
245 1 _aEstatistica da pesca, producao 1973 [Peixe; Crustaceo; Estatistica de producao; Brasil]
260 3 _aRio de Janeiro, RJ (Brasil):
_c1976.
300 _a22 p.
490 _aEstatistica da Pesca - Superintendencia do Desenvolvimento da Pesca (Brazil)
_v
_x
500 _aNumerical data
650 _aProducao pesqueira
650 _aPesca
650 _aPeixe
650 _aCrustaceo
650 _aPreco
650 _aEstatistica de Producao
909 _a202312
_bLúcia Elande
_c55
_dLúcia Elande
942 _2AGRIS
_n0
_cMS
999 _c266529
_d266529